The fortune at the bottom of the pyramid (Record no. 797)

MARC details
000 -LEADER
fixed length control field 00684nam a22002057a 4500
003 - CONTROL NUMBER IDENTIFIER
control field OSt
005 - DATE AND TIME OF LATEST TRANSACTION
control field 20250417103443.0
008 - FIXED-LENGTH DATA ELEMENTS--GENERAL INFORMATION
fixed length control field 220316b ||||| |||| 00| 0 eng d
020 ## - INTERNATIONAL STANDARD BOOK NUMBER
International Standard Book Number 9789353433703
040 ## - CATALOGING SOURCE
Transcribing agency KCST
082 ## - DEWEY DECIMAL CLASSIFICATION NUMBER
Classification number 338.8881724
Item number Pr Fo
100 ## - MAIN ENTRY--PERSONAL NAME
Personal name Prahalad, C.K.
9 (RLIN) 770
245 ## - TITLE STATEMENT
Title The fortune at the bottom of the pyramid
Remainder of title eradicating poverty through profits /
Statement of responsibility, etc. C.K. Prahalad
260 ## - PUBLICATION, DISTRIBUTION, ETC.
Name of publisher, distributor, etc. Pearson;
Date of publication, distribution, etc. c2010
300 ## - PHYSICAL DESCRIPTION
Extent 360 p.
650 ## - SUBJECT ADDED ENTRY--TOPICAL TERM
Topical term or geographic name entry element International business enterprises
Form subdivision Social aspects
General subdivision Developing countries.
9 (RLIN) 5650
650 ## - SUBJECT ADDED ENTRY--TOPICAL TERM
Topical term or geographic name entry element Non-governmental organizations
General subdivision Developing countries.
9 (RLIN) 5651
650 ## - SUBJECT ADDED ENTRY--TOPICAL TERM
Topical term or geographic name entry element Poor
General subdivision Developing countries.
9 (RLIN) 5652
942 ## - ADDED ENTRY ELEMENTS (KOHA)
Source of classification or shelving scheme Dewey Decimal Classification
Koha item type Book
Holdings
Withdrawn status Lost status Source of classification or shelving scheme Damaged status Not for loan Home library Current library Date acquired Cost, normal purchase price Total checkouts Full call number Barcode Date last seen Cost, replacement price Price effective from Koha item type
    Dewey Decimal Classification     KCST Library KCST Library 16/03/2022 15.59   338.8881724 Pr Fo 1000001064 16/03/2022 15.59 16/03/2022 Book
© 2025 KCST. All rights reserved